000 00673nam a2200229 4500
003 OSt
005 20161010181629.0
008 160505b xxu||||| |||| 00| 0 eng d
020 _a9788122432213
040 _cDDC.
082 _a541
_bDAS 2012
100 _aDas, Ishwar
_98510
245 _aAn introduction to physical chemistry /
_cIshwar Das, Archana Sharma, Namita Rani Agrawal
250 _a3rd.ed
260 _aNew Delhi
_bNew Age International
_c2012
300 _axiii, 347p;
_bill :
_c25 cm
504 _aIncludes index
650 _aPhysical chemistry
_91450
700 _aSharma, Archana
_98511
700 _aAgrawal, Namita Rani
_98512
942 _2ddc
_cO_SHELF
999 _c5331
_d5331